Mas allá de la defensa y el ataque : la evaluación como alternativa de aprendizaje /

Bibliographic Details
Main Authors: Prieto Castillo, Daniel (Author), Guevara Toledo, Carlos (Author), Célleri Gomezcoello, Ambar (Author)
Format: Electronic eBook
Language:Spanish
Published: Cuenca, Ecuador : Universidad del Azuay, Casa Editora, [2023]
Series:Homo (Universidad del Azuay, Casa Editora)
Subjects:
Online Access:Digitalia Hispánica

MARC

LEADER 00000nam a2200000 i 4500
001 DIGUAZUAY0179
003 NyNyDIG
007 cr |||||||||||
008 251212s2023 ec ob 000 0 spa d
006 m o d
035 |a (OCoLC)1438852974 
040 |a DGITA  |b eng  |e rda  |e pn  |c DGITA 
020 |a 9789942618757  |q eBook 
020 |z 9789942618740 
043 |a s-ec--- 
050 1 4 |a LB2822.75 ebook 
100 1 |a Prieto Castillo, Daniel,  |e author. 
245 1 0 |a Mas allá de la defensa y el ataque :  |b la evaluación como alternativa de aprendizaje /  |c Daniel Prieto Castillo, Carlos Guevara Toledo, Ambar Célleri Gomezcoello. 
264 1 |a Cuenca, Ecuador :  |b Universidad del Azuay, Casa Editora,  |c [2023] 
300 |a 1 online resource. 
336 |a text  |b txt  |2 rdacontent 
337 |a computer  |b c  |2 rdamedia 
338 |a online resource  |b cr  |2 rdacarrier 
347 |a text file  |2 rdaft 
347 |b PDF 
490 1 |a Homo 
504 |a Includes bibliographical references. 
588 0 |a Online resource; title from PDF title page (Digitalia, viewed December 12, 2025) 
650 0 |a Educational evaluation  |z Ecuador. 
650 0 |a Educational tests and measurements  |z Ecuador. 
700 1 |a Guevara Toledo, Carlos,  |e author. 
700 1 |a Célleri Gomezcoello, Ambar,  |e author. 
791 2 |a Digitalia (Firm),  |e distributor. 
793 0 |g Digitalia eBook Collection:  |a Universidad del Azuay 
776 0 8 |i Print version:  |a Prieto Castillo, Daniel.  |t Mas allá de la defensa y el ataque.  |d Cuenca, Ecuador : Universidad del Azuay, Casa Editora, [2023]  |z 9789942618740 
830 0 |a Homo (Universidad del Azuay, Casa Editora) 
856 4 0 |3 Digitalia Hispánica  |u https://www.digitaliapublishing.com/a/133564/ 
910 |a Premium collection: 2025